Un Verano Sin Ti de Bad Bunny - Estadísticas

Estadísticas generales
  • Esta prueba ha sido intentada 260 veces
  • La puntuación promedio es 16 de 23
Estadísticas de respuestas
Hint Respuesta % Correcto
ft. Bomba Estéreo Ojitos Lindos
91%
- Moscow Mule
87%
- Un Verano Sin Ti
85%
ft. Buscabulla Andrea
83%
ft. Rauw Alejandro Party
80%
- Tití Me Preguntó
80%
ft. Chencho Corleone Me Porto Bonito
78%
ft. JHAYCO Tarot
78%
- Callaita
76%
ft. Tony Dize La Corriente
73%
- Neverita
71%
- Un Coco
71%
ft. The Marías Otro Atardecer
66%
- Agosto
63%
- Aguacero
61%
- Efecto
61%
- Después de la Playa
59%
- El Apagón
58%
- Enséname a Bailar
57%
- Dos Mil 16
56%
- Yo No Soy Celoso
52%
- Me Fui de Vacaciones
50%
- Un Ratito
49%
No se encontraron pruebas coincidentes
Distribución de puntuación
Porcentaje de gente con cada puntuación
Porcentaje por número respondido
Historial de tus puntuaciones
No has intentado esta prueba.